000 00487cam a22001931 4500
001 af 48002217
003 DLC
005 20260227110854.0
008 890401s1944 gw a 000 1 ger c
010 _aaf 48002217
035 _a(OCoLC)19486016
040 _aYale Univ. Library
_cCU
_dDLC
042 _apremarc
050 0 0 _aPT2605.E8
_bE7
100 1 _aCetto, Gitta von,
_d1908-
245 1 0 _aEr.
260 _aHamburg,
_bHammerich & Lesser
_c[1944]
300 _a80 p.
_billus.
_c19 cm.
999 _c4926
_d4926